Statistics for Super Bowl Champions by Year

Click here to take the quiz!

General Stats

  • This quiz has been taken 102 times
    (61 since last reset)
  • The average score is 26 of 55

Answer Stats

YearSuper BowlWinning Team% Correct
1967IGreen Bay Packers
93%
1968IIGreen Bay Packers
85%
1969IIINew York Jets
71%
2021LVTampa Bay Buccaneers
67%
2020LIVKansas City Chiefs
65%
2019LIIINew England Patriots
64%
201650Denver Broncos
60%
1970IVKansas City Chiefs
60%
2017LINew England Patriots
60%
2015XLIXNew England Patriots
60%
2004XXXVIIINew England Patriots
56%
2018LIIPhiladelphia Eagles
56%
2009XLIIIPittsburgh Steelers
56%
2002XXXVINew England Patriots
55%
2005XXXIXNew England Patriots
55%
1972VIDallas Cowboys
51%
2011XLVGreen Bay Packers
51%
2008XLIINew York Giants
51%
2012XLVINew York Giants
51%
2006XLPittsburgh Steelers
51%
2014XLVIIISeattle Seahawks
51%
2010XLIVNew Orleans Saints
49%
2000XXXIVSt. Louis Rams
49%
1971VBaltimore Colts
47%
2007XLIIndianapolis Colts
47%
1979XIIIPittsburgh Steelers
47%
1975IXPittsburgh Steelers
47%
2013XLVIIBaltimore Ravens
45%
1996XXXDallas Cowboys
45%
1994XXVIIIDallas Cowboys
45%
1993XXVIIDallas Cowboys
45%
2001XXXVBaltimore Ravens
44%
1998XXXIIDenver Broncos
44%
1997XXXIGreen Bay Packers
44%
1976XPittsburgh Steelers
44%
1999XXXIIIDenver Broncos
42%
1973VIIMiami Dolphins
42%
1992XXVIWashington Redskins
42%
1978XIIDallas Cowboys
40%
1980XIVPittsburgh Steelers
40%
1995XXIXSan Francisco 49ers
40%
2003XXXVIITampa Bay Buccaneers
40%
1977XIOakland Raiders
38%
1986XXChicago Bears
36%
1974VIIIMiami Dolphins
36%
1991XXVNew York Giants
36%
1989XXIIISan Francisco 49ers
36%
1983XVIIWashington Redskins
35%
1982XVISan Francisco 49ers
33%
1988XXIIWashington Redskins
33%
1985XIXSan Francisco 49ers
31%
1990XXIVSan Francisco 49ers
31%
1984XVIIILos Angeles Raiders
29%
1987XXINew York Giants
29%
1981XVOakland Raiders
27%

Score Distribution

Percentile by Number Answered

Percent of People with Each Score

Your Score History

You have not taken this quiz since the last reset